| 000 -ლიდერი |
| ფიქსირებული სიგრძის საკონტროლო ველი |
01524nam a2200265Ia 4500 |
| 001 - საკონტროლო ნომერი |
| საკონტროლო ველი |
13046 |
| 003 - საკონტროლო ნომრის იდენტიფიკატორი |
| საკონტროლო ველი |
GE_BSU |
| 005 - ბოლო ოპერაციის თარიღი და დრო |
| საკონტროლო ველი |
20240711133328.0 |
| 008 - ფიქსირებული სიგრძის მონაცემთა ელემენტები - ზოგადი ინფორმაცია |
| ფიქსირებული სიგრძის საკონტროლო ველი |
181216s2013||||ge |||||||||||||| ||geo|| |
| 040 ## - კატალოგიზაციის წყარო |
| Transcribing agency |
GE_BSU |
| 041 ## - ენის კოდი |
| Language code of text/sound track or separate title |
geo |
| 080 ## - უნივერსალური ათობითი კლასიფიკაციის ინდექსი |
| Universal Decimal Classification number |
336(042.4) ძ-71 |
| 100 ## - მთავარი ჩანაწერი - პიროვნების სახელი |
| Personal name |
ძნელაძე, ლედი |
| 9 (RLIN) |
22804 |
| 245 ## - ცნობა სათაურის შესახებ |
| Title |
ფინანსები, ფულის მიმოქცევა და კრედიტი (მოკლე სალექციო კურსი) : |
| Remainder of title |
(მოკლე სალექციო კურსი) / |
| Statement of responsibility, etc |
ლედი ძნელაძე ; მეცნ.-რედ. გიორგი ცაავა. |
| 250 ## - გამოცემის ცნობა |
| Edition statement |
მე-2 შევსებული გამოცემა |
| 264 ## - წარმოების, გამოცემის, დისტრიბუციის და სხვა ცნობები |
| გამოცემის, წარმოების, დისტრიბუციის... ადგილი |
ბათუმი : |
| გამოცემის, წარმოების, დისტრიბუციის... სახელწოდება |
გამ-ბა აჭარა, |
| გამოცემის, წარმოების, დისტრიბუციის... თარიღი |
2013. |
| 300 ## - ფიზიკური აღწერა |
| Extent |
204 გვ. ; |
| Dimensions |
20 სმ. |
| Accompanying material |
სქ., ცხრ. |
| 504 ## - BIBLIOGRAPHY, ETC. NOTE |
| Bibliography, etc |
ბიბლიოგრ. ტექსტის შენიშვნებში |
| 653 ## - INDEX TERM--UNCONTROLLED |
| Uncontrolled term |
ფინანსები, ფულის მიმოქცევა და კრედიტი |
| 653 ## - INDEX TERM--UNCONTROLLED |
| Uncontrolled term |
ფინანსები – ლექციების კურსი |
| 653 ## - INDEX TERM--UNCONTROLLED |
| Uncontrolled term |
ფულის მიმოქცევა – ლექციების კურსი |
| 653 ## - INDEX TERM--UNCONTROLLED |
| Uncontrolled term |
კრედიტები – ლექციების კურსი |
| 700 ## - ADDED ENTRY--PERSONAL NAME |
| Personal name |
ცაავა, გ. (გიორგი) |
| Relator term |
მეცნიერ - რედაქტორი |
| 9 (RLIN) |
22806 |
| 942 ## - ADDED ENTRY ELEMENTS (KOHA) |
| Koha item type |
წიგნი |
| Source of classification or shelving scheme |
|